Mária Eva Trajterová: Odkaz v znaku svetla

Bibliographic Details
Main Authors: Trajterová, Mária Eva, 1951- (Author, Photographer), Kubíková, Klára (Author), Pišútová, Irena, 1932-2020 (Author), Horváthová, Mária, 1951 18. január- (Author), Laluha, Milan, 1930-2013 (Author), Hasaj, František (Author)
Other Authors: Rakšany, Dezider (Photographer), Fiala, Anton, 1955- (Photographer), Trajter, Jakub, 1983- (Photographer), Jazudek, Miroslav (Photographer), Trajterová, Lucia (Translator)
Format: Book
Language:Slovak
English
PhysicalDescription:263 strán fotografie a ilustrácie (prevažne farebné) 31 cm
Published: [Bratislava] Fo art, s.r.o. 2017
ISBN:9788089664603
Subjects:

MARC

LEADER 00000nam a2200000 4500
001 vtls011741465
003 SK-MaSNL
005 20260331211613.0
008 200316s2017 xo oa g 000 0aslo
015 |a SNBA2018/04 
020 |a 9788089664603  |q (viazané) 
035 |a urn:nbn:sk:snk-am00dglf 
035 |a urn:nbn:sk:snk-am3i1lf 
035 |a 47C5DA86-E7CF-40AB-A5A7-625B1E171B54 
040 |a SNK  |b slo  |c SNK  |e rda 
041 0 |a slo  |a eng  |b eng 
044 |a xo  |c SK 
072 7 |a 72/76  |x Výtvarné umenie  |2 konspekt 
072 7 |a 929  |x Biografie  |2 konspekt 
080 |a 72/76(437.6)  |2 2011 
080 |a 72/76.071.1  |2 2011 
080 |a 7.036/.038  |2 2011 
080 |a (092)  |2 2011 
080 |a (084.12)  |2 2011 
080 |a 74/76.05.071.1-055.2  |2 2011 
100 1 |a Trajterová, Mária Eva,  |d 1951-  |4 art  |4 aut  |4 pht  |9 120437 
245 1 0 |a Mária Eva Trajterová: Odkaz v znaku svetla  |c Klára Kubíková, Irena Pišútová, Mária Horváthová, Milan Laluha, František Hasaj ; photo: Dezider Rakšany, Anton Fiala, Jakub Trajter, Miroslav Jazudek, Mária Eva Trajterová ; translation: Lucia Trajterová 
246 3 3 |a Odkaz v znaku svetla 
264 1 |a [Bratislava]  |b Fo art, s.r.o.  |c 2017 
300 |a 263 strán  |b fotografie a ilustrácie (prevažne farebné)  |c 31 cm 
336 |a text  |b txt  |2 rdacontent 
336 |a statický obraz  |b sti  |2 rdacontent 
337 |a bez média  |b n  |2 rdamedia 
338 |a zväzok  |b nc  |2 rdacarrier 
500 |a Miesto vydania podľa NA ISBN 
546 |a Anglické resumé ; čiastočný text v angličtine 
648 7 |a 20.-21. stor.  |2 SNKPH  |9 270701 
648 7 |a 20th-21st centuries  |2 SNKPHeng  |9 285312 
650 0 7 |a slovenské výtvarné umenie  |2 SNKPH  |9 68597 
650 0 7 |a Slovak art  |2 SNKPHeng  |9 275442 
650 0 7 |a výtvarníci  |2 SNKPH  |9 118705 
650 0 7 |a Artists  |2 SNKPHeng  |9 265151 
650 0 7 |a moderné umenie  |2 SNKPH  |9 68456 
650 0 7 |a Modern art  |2 SNKPHeng  |9 294689 
650 0 7 |a ilustrátorky  |2 SNKPH  |9 92773 
650 0 7 |a Women illustrators  |2 SNKPHeng  |9 323732 
655 7 |a biografie  |2 SNKPH  |9 27965 
655 7 |a fotografické publikácie  |2 SNKPH  |9 70483 
655 7 |a Biography  |2 SNKPHeng  |9 266314 
655 7 |a Photographic publication  |2 SNKPHeng  |9 266858 
700 1 |a Kubíková, Klára  |4 aut  |9 5166 
700 1 |a Pišútová, Irena,  |d 1932-2020  |4 aut  |9 197888 
700 1 |a Horváthová, Mária,  |d 1951 18. január-  |4 aut  |9 168143 
700 1 |a Laluha, Milan,  |d 1930-2013  |4 aut  |9 85733 
700 1 |a Hasaj, František  |4 aut  |9 351273 
700 1 |a Rakšany, Dezider  |4 pht  |9 351274 
700 1 |a Fiala, Anton,  |d 1955-  |4 pht  |9 89284 
700 1 |a Trajter, Jakub,  |d 1983-  |4 pht  |9 345633 
700 1 |a Jazudek, Miroslav  |4 pht  |9 44603 
700 1 |a Trajterová, Lucia  |4 trl  |9 351275 
919 |a 978-80-89664-60-3 
958 |a BX 
999 |c 596336  |d 598266 
952 |a SNK  |b SNK  |y PREZ  |7 0  |p 17A1320573  |o snkSB 92511  |i snk2018/4043  |8 0  |0 0  |1 0  |4 0  |d 2018-02-13  |f 1  |l 0  |r 2025-05-14 00:00:00  |w 2026-02-23 
952 |a SNK  |b SNK  |y VYP  |7 0  |p 17A1320574  |o snkSB 92511 D1  |i snk2018/4044  |8 0  |0 0  |1 0  |4 0  |d 2018-02-13  |l 0  |r 2026-02-23 15:39:34  |w 2026-02-23